<?xml version="1.0" encoding="UTF-8"?>
<record
    xmlns:xsi="http://www.w3.org/2001/XMLSchema-instance"
    xsi:schemaLocation="http://www.loc.gov/MARC21/slim http://www.loc.gov/standards/marcxml/schema/MARC21slim.xsd"
    xmlns="http://www.loc.gov/MARC21/slim">

  <leader>02103nam a22002657a 4500</leader>
  <datafield tag="999" ind1=" " ind2=" ">
    <subfield code="c">984</subfield>
    <subfield code="d">984</subfield>
  </datafield>
  <controlfield tag="003">OSt</controlfield>
  <controlfield tag="005">20190704194654.0</controlfield>
  <controlfield tag="008">161122b        xxu||||| |||| 00| 0 esp d</controlfield>
  <datafield tag="040" ind1=" " ind2=" ">
    <subfield code="c">DO-SdBJH</subfield>
    <subfield code="a">DO-SdBJH</subfield>
    <subfield code="b">spa</subfield>
  </datafield>
  <datafield tag="090" ind1=" " ind2=" ">
    <subfield code="a">TG AAFFM</subfield>
    <subfield code="b">00682 2013</subfield>
  </datafield>
  <datafield tag="100" ind1="1" ind2=" ">
    <subfield code="a">Rodr&#xED;guez, Geury Antonio </subfield>
    <subfield code="e">sustentante</subfield>
  </datafield>
  <datafield tag="245" ind1="1" ind2="0">
    <subfield code="a">An&#xE1;lisis las Incidencias de la Fuerza A&#xE9;rea de Rep&#xFA;blica Dominicana como  fuerza conjunta con la Polic&#xED;a Nacional, para sostener y garantizar el orden p&#xFA;blico durante el periodo 2010-2012, en la ciudad de Santo Domingo / </subfield>
    <subfield code="c">Geury Antonio Rodr&#xED;guez,  Wilson Carvajal Morillo, asesores  Junio Garc&#xED;a G&#xE9;mez, Teby Rodr&#xED;guez</subfield>
  </datafield>
  <datafield tag="260" ind1=" " ind2=" ">
    <subfield code="a">Santo Domingo Este :</subfield>
    <subfield code="b">INSUDE, </subfield>
    <subfield code="c">2013</subfield>
  </datafield>
  <datafield tag="300" ind1=" " ind2=" ">
    <subfield code="a">xviii, 69 p&#xE1;ginas</subfield>
  </datafield>
  <datafield tag="502" ind1=" " ind2=" ">
    <subfield code="a">Trabajo de grado (Licenciatura en Ciencias Aeron&#xE1;uticas). --  Instituto Superior para la Defensa (INSUDE). Academia A&#xE9;rea Gral. De Brigada Piloto Frank Andr&#xE9;s Feliz Miranda, 2013.

</subfield>
  </datafield>
  <datafield tag="504" ind1=" " ind2=" ">
    <subfield code="a">Incluye referencias bibliogr&#xE1;ficas e &#xED;ndices</subfield>
  </datafield>
  <datafield tag="505" ind1=" " ind2=" ">
    <subfield code="a">Antecedentes que dieron origen a las operaciones como fuerza conjunta de la Fuerza A&#xE9;rea de Rep&#xFA;blica Dominicana y la Polic&#xED;a Nacional. -- Concepto de operaciones conjunta, criminalidad y delincuencia. -- Diferentes medios utilizados para la selecci&#xF3;n. -- Adiestramiento equipamiento de las Unidades de la Fuerza A&#xE9;rea de Rep&#xFA;blica Dominicana como Fuerza Conjunta con la Polic&#xED;a Nacional para garantizar y sostener orden P&#xFA;blico 2010-2012. -- Participaci&#xF3;n de la Fuerza A&#xE9;rea de Rep&#xFA;blica Dominicana como fuerza de apoyo a la Polic&#xED;a Nacional para sostener y garantizar el orden p&#xFA;blico.
</subfield>
  </datafield>
  <datafield tag="650" ind1=" " ind2="4">
    <subfield code="a"> Fuerza A&#xE9;rea Dominicana.  Academia A&#xE9;rea -- Operaciones conjuntas -- Polic&#xED;a Nacional</subfield>
  </datafield>
  <datafield tag="650" ind1=" " ind2="4">
    <subfield code="a">Fuerza A&#xE9;rea Dominicana.  Polic&#xED;a Nacional -- Apoyo contra criminalidad, delincuencia</subfield>
  </datafield>
  <datafield tag="700" ind1="1" ind2=" ">
    <subfield code="a">Carvajal Morillo, Wilson </subfield>
    <subfield code="e">sustentante</subfield>
  </datafield>
  <datafield tag="700" ind1="1" ind2=" ">
    <subfield code="a">Garc&#xED;a G&#xE9;mez, Junior</subfield>
    <subfield code="e">asesor</subfield>
  </datafield>
  <datafield tag="700" ind1="1" ind2=" ">
    <subfield code="a">Rodr&#xED;guez, Teby</subfield>
    <subfield code="e">asesor</subfield>
  </datafield>
  <datafield tag="830" ind1=" " ind2=" ">
    <subfield code="a">INSUDE.  Academia A&#xE9;rea Gral. De Brig. Pil.  Frank Andr&#xE9;s  Feliz Miranda.  Tesis y disertaciones academicas</subfield>
  </datafield>
  <datafield tag="942" ind1=" " ind2=" ">
    <subfield code="2">CL</subfield>
    <subfield code="c">T</subfield>
  </datafield>
  <datafield tag="952" ind1=" " ind2=" ">
    <subfield code="0">0</subfield>
    <subfield code="1">0</subfield>
    <subfield code="2">CL</subfield>
    <subfield code="4">0</subfield>
    <subfield code="7">1</subfield>
    <subfield code="8">TG</subfield>
    <subfield code="a">BJHA</subfield>
    <subfield code="b">BJHA</subfield>
    <subfield code="d">2016-11-22</subfield>
    <subfield code="i">13-00682</subfield>
    <subfield code="l">0</subfield>
    <subfield code="o">TG AAFFM 00682 2013</subfield>
    <subfield code="p">13-00682</subfield>
    <subfield code="r">2018-10-06 00:00:00</subfield>
    <subfield code="t">e.1</subfield>
    <subfield code="w">2016-11-22</subfield>
    <subfield code="y">T</subfield>
  </datafield>
</record>
